John, Qumran, and the Dead Sea scrolls (Record no. 128454)
[ view plain ]
| 000 -LEADER | |
|---|---|
| fixed length control field | 02546nam a2200397 a 4500 |
| 082 04 - DEWEY DECIMAL CLASSIFICATION NUMBER | |
| Classification number | 226.5/06 |
| 245 00 - TITLE STATEMENT | |
| Title | John, Qumran, and the Dead Sea scrolls |
| 260 ## - PUBLICATION, DISTRIBUTION, ETC. (IMPRINT) | |
| Place of publication | Atlanta : |
| Name of publisher | Society of Biblical Literature, |
| Year of publication | c2011. |
| 300 ## - PHYSICAL DESCRIPTION | |
| Number of Pages | xv, 228 p. |
| 490 1# - SERIES STATEMENT | |
| Series statement | Society of Biblical Literature : early Judaism and its literature ; |
| 500 ## - GENERAL NOTE | |
| General note | Based on papers originally presented at the Society of Biblical Literature Annual Meeting, 2007, San Diego, Calif. |
| 505 0# - FORMATTED CONTENTS NOTE | |
| Formatted contents note | Preface. New light on John and Qumran / Mary Coloe and Tom Thatcher -- The past decade of Qumran studies : 1997/2007 / Eileen Schuller -- John and Qumran : discovery and interpretation over sixty years / Paul N. Anderson -- "Mystery" in the Dead Sea scrolls and the fourth gospel / John Ashton -- Luke, John, and the Dead Sea scrolls / George J. Brooke -- John, Qumran, and virtuoso religion / Brian J. Capper -- Purification in the fourth gospel in light of Qumran / Hannah K Harrington -- "Protect them from the evil one" (John 17:15) : light from the Dead Sea scrolls / Loren T. Stuckenbruck -- The fourth evangelist and the Dead Sea scrolls : assessing trends over nearly sixty years / James H. Charlesworth. |
| 700 1# - ADDED ENTRY--PERSONAL NAME | |
| Personal name | Coloe, Mary L., |
| Personal name | Thatcher, Tom, |
| 856 40 - ELECTRONIC LOCATION AND ACCESS | |
| Uniform Resource Identifier | http://site.ebrary.com/lib/rucke/Doc?id=10496379 |
No items available.
